| 000 | 00327nam a22001337a 4500 | ||
|---|---|---|---|
| 020 | _a978-0-143-33337-1 | ||
| 082 |
_a823 _bBON/R |
||
| 100 | _aBOND, RUSKIN | ||
| 245 | _aTHE ROOM OF MANY COLOURS | ||
| 260 |
_aUNITED KINGDOM _bPUFFIN BOOKS _c2009 |
||
| 300 | _a387 | ||
| 650 |
_aCHILDRENS STORY BOOK _zUNITED KINGDOM |
||
| 942 | _cBK | ||
| 999 |
_c2628 _d2628 |
||